Advanced power generation systems / (Record no. 599133)
[ view plain ]
| 000 -LEADER | |
|---|---|
| fixed length control field | 00319nam a2200121Ia 4500 |
| 008 - FIXED-LENGTH DATA ELEMENTS--GENERAL INFORMATION | |
| fixed length control field | 230907s9999||||xx |||||||||||||| ||und|| |
| 082 ## - DEWEY DECIMAL CLASSIFICATION NUMBER | |
| Classification number | 621.31 |
| Author Mark | DIN |
| 100 ## - MAIN ENTRY--PERSONAL NAME | |
| Personal name | Dinçer, İbrahim, |
| 9 (RLIN) | 114596 |
| 245 #0 - TITLE STATEMENT | |
| Title | Advanced power generation systems / |
| 260 ## - PUBLICATION, DISTRIBUTION, ETC. | |
| Place of publication, distribution, etc. | Elsevier, |
| Name of publisher, distributor, etc. | New York : |
| Date of publication, distribution, etc. | 2014 |
| 300 ## - PHYSICAL DESCRIPTION | |
| Extent | 644 p. |
| 942 ## - ADDED ENTRY ELEMENTS (KOHA) | |
| Koha item type | Book |
| Withdrawn status | Lost status | Damaged status | Not for loan | Permanent Location | Current Location | Date acquired | Total Checkouts | Full call number | Barcode | Date last seen | Price effective from | Koha item type |
|---|---|---|---|---|---|---|---|---|---|---|---|---|
| US-Pakistan Center for Advanced Studies in Energy (USPCAS-E) | US-Pakistan Center for Advanced Studies in Energy (USPCAS-E) | 02/04/2016 | 621.31 DIN | CAS-E0003232 | 09/12/2023 | 09/12/2023 | Book |
